00958naa a22002537a 4500001001000000003000900010005001700019007000300036008003400039040005400073041000900127072001900136100001800155111008200173245003600255260003700291500013600328650001300464650002200477650002100499650002300520650002800543773013300571BR8903649BR-BrBNA20240918180508.0ta230509b bl.||||| |||| 00| 0 por d aBR-BrBNAbporcBiblioteca Nacional de Agricultura a(Pt) aF50; F70b19301 aTenorio, E.C.1 a30. Congresso Nacional de BotanicacCampo Grande, MS (Brazil)d21-27 Jan 19791 aO genero Orthoclada (Gramineae)3 aSao Paulo, SP (Brasil): c1979.  aAnais da Sociedade Botanica do Brasil. 30. Congresso Nacional de Botanica Sao Paulo, SP (Brasil): 1979. p. 65-74 (BR8903649-AM)F50  aGRAMINEA aTAXONOMIA VEGETAL aANATOMIA VEGETAL aMORFOLOGIA VEGETAL aDISTRIBUICAO GEOGRAFICA0 tAnais da Sociedade Botanica do Brasil. 30. Congresso Nacional de BotanicawF50 BR8903649gSao Paulo, SP (Brasil), 1979. p. 65-74